Nachdenken über Christa T. : Roman /
Uložené v:
| Hlavný autor: | |
|---|---|
| Médium: | Kniha |
| Jazyk: | German |
| Vydané: |
Berlin :
Aufbau-Verlag,
1995
|
| ISBN: |
3-351-02359-6 |
| Fyzický popis: |
205 S. |
| Tagy: |
Pridať tag
Žiadne tagy, Buďte prvý kto otaguje tento záznam!
|
Titul je dostupný aj v ... 

MARC
| LEADER | 00000nam a2200000 a 4500 | ||
|---|---|---|---|
| 001 | 000479217 | ||
| 003 | SVKK | ||
| 005 | 20060206120956.0 | ||
| 008 | 060206s1995 e gero | ||
| 020 | |a 3-351-02359-6 | ||
| 040 | |a KE001 |b ger | ||
| 080 | |a 830-3 |2 undef | ||
| 100 | 1 | |a Wolf, Christa |4 aut | |
| 245 | 1 | 0 | |a Nachdenken über Christa T. : |b Roman / |c Christa Wolf |
| 260 | |a Berlin : |b Aufbau-Verlag, |c 1995 | ||
| 300 | |a 205 S. | ||
| 850 | |a KE001 | ||
| 998 | |a KN | ||
| 992 | |a AUL | ||
| 090 | |g SCKGI |k Nemecká knižnica |a 830-3 WOL |j 4739/97 |i 2720000331 |s Vyp. 4 týždne | ||